Medzinárodné prostredie a zahraničná politika SR. Zahraničná politika Slovenskej republiky

Zahraničná politika Slovenska. Vzťah Slovenska a Maďarska. Faktory vplývajúce na budúci vývoj: globalizácia, nárast vplyvu Ázie, demografický faktor a proces starnutia pracovnej sily, nedostatok energetických surovín, konfigurácia náboženského fenoménu, životné prostredie, situácia USA, epocha podce...

ver descrição completa

Na minha lista:
Detalhes bibliográficos
Autor principal: Juza, Peter
Formato: Capítulo de Livro
Idioma:eslovaco
Assuntos:
Tags: Adicionar Tag
Sem tags, seja o primeiro a adicionar uma tag!

MARC

LEADER 00000nla$a2200000$$$4500
001 0080444
005 20221128082810.1
041 0 |a slo 
044 |a SK 
245 1 0 |a Medzinárodné prostredie a zahraničná politika SR. Zahraničná politika Slovenskej republiky  |c Peter Juza 
520 |a Zahraničná politika Slovenska. Vzťah Slovenska a Maďarska. Faktory vplývajúce na budúci vývoj: globalizácia, nárast vplyvu Ázie, demografický faktor a proces starnutia pracovnej sily, nedostatok energetických surovín, konfigurácia náboženského fenoménu, životné prostredie, situácia USA, epocha podceňovaných, klasický Pax Americana, náboženský radikalizmus. Výzvy a stratégia zahraničnej politiky Slovenskej republiky do 2013. 
610 2 0 |a politika zahraničná 
610 2 0 |a Slovensko 
610 2 0 |a globalizácia 
610 2 0 |a vzťahy medzinárodné 
610 2 0 |a energetika 
100 1 |a Juza, Peter